000 00703nam a2200217 a 4500
005 20220804081801.0
008 101020s1985 es r 000 0 spa d
020 _a8476340540
035 _aUPN01000178245
049 _aCG
050 4 _aPR4854
_bL5.2b 1985
100 1 _aKipling, Rudyard,
_d1864-1936
_928832
245 1 3 _aEl libro de las tierras vírgenes /
_cRudyard Kipling ; tr. Ramón D. Perés.
250 _a2a ed.
260 _aBarcelona [Esp.] :
_bOrbis,
_c1985.
440 4 _aLas grandes novelas de aventuras ;
_v35
534 _pTítulo original:
_tThe first jungle book
650 0 _aLiteratura juvenil inglesa
_912778
650 7 _aAnimales en la literatura
_2
_91055
905 _aLibro
999 _c150348
_d150348